000 00473nam a2200181Ia 4500
008 240925s9999 xx 000 0 und d
020 _a70445338
082 _a621.3848 SKO
100 _aSkolnik ,I. Merrill
245 0 _aIntroduction to Radar Systems
250 _a3rd
260 _aNew York:
_bMc Graw HIll
_c,2001.
300 _axxviii,656p.
_bNA
_fPhotocopy
500 _aIncludes Index
600 _aElectronic Engineering
650 _aTechnology
942 _cBK
999 _c8947
_d8947